Bad Wheel of Fortune Answers Quiz Stats

 Plays Quiz Updated Dec 8, 2015

Challenge
Share
Tweet
Embed
Score 0/18 Timer 08:00
2 Plays Today
Puzzle Solution % Correct
SLE_PING / _ _ _ _ _Y
(Fictional Character)
SLEEPING BEAUTY
94.9%
PLASTIC / STRA_S
(Things)
PLASTIC STRAWS
94.5%
AN / _ _ _Y / CHILD
(Person)
AN ONLY CHILD
84%
DAN_ING / ON / AIR / _ORDAN
(Before & After)
DANCING ON AIR JORDAN
83.9%
S_ _ER_AN / AND / W_NDER / W_ _AN
(Fictional Characters)
SUPERMAN AND WONDER WOMAN
78.5%
T_ _ / SE_RET
(Phrase)
TOP SECRET
76.1%
I / _A_ _ / THE / _INE / BY / J_HNNY / _A_H
(Song/Artist)
I WALK THE LINE BY JOHNNY CASH
73.6%
A_C_LAND / NEW / ZEALAND
(On the Map)
AUCKLAND NEW ZEALAND
72.9%
S_LF-PO_T_ _ _T
(Thing)
SELF-PORTRAIT
71.2%
Puzzle Solution % Correct
_N / _C_ / _F / KI_DNE_S
(Event)
AN ACT OF KINDNESS
69.1%
_IN_ERS / & / _OES
(Things)
FINGERS & TOES
60.9%
L_ST-M_ _ _TE / _ _ _AILS
(Things)
LAST-MINUTE DETAILS
59.8%
_N-TH_-SP_T / D_C_S_ _N
(Thing)
ON-THE-SPOT DECISION
56.9%
ST_R_F_ _M / _ _ _
(Thing)
STYROFOAM CUP
52.1%
_T / _ _ / _ _T'S / EN_
(Phrase)
AT MY WIT'S END
45.4%
S_IMMING / ALONG / A / _OLO_ _UL / _O_AL / _EE_
(Fun & Games)
SWIMMING ALONG A COLORFUL CORAL REEF
44.4%
_ / _R_ _ P / _ _ / _ _LL-_ _SH_RS
(People)
A GROUP OF WELL-WISHERS
41.1%
_ISH / L_ _ _
(Thing)
WISH LIST
40.3%

You're not logged in!

Compare scores with friends on all Sporcle quizzes.
Join for Free
OR
Log In

You Might Also Like...

Show Comments

Extras

Top Quizzes Today


Score Distribution

Your Account Isn't Verified!

In order to create a playlist on Sporcle, you need to verify the email address you used during registration. Go to your Sporcle Settings to finish the process.

Report this User

Report this user for behavior that violates our Community Guidelines.

Details: